000 01539cam a2200409 a 4500
001 4357
003 FISKH
005 20250812160653.0
008 080612s2009 nyua j b 001 0 eng
010 _a 2008025346
016 _a20089036468
020 _a9780778741121 (reinforced library binding : alk. paper)
020 _a0778741125 (reinforced library binding : alk. paper)
020 _a9780778741190 (pbk. : alk. paper)
020 _a0778741192 (pbk. : alk. paper)
035 _a(OCoLC)232605652
035 _a(OCoLC)ocn232605652
037 _a1286260
_bQBI
040 _aDLC
_cDLC
_dQBX
_dBAKER
_dDLC
_beng
050 _aRA780.G64
082 _a613.4
100 1 _aGogerly, Liz.
245 1 0 _aKeeping clean /
_cwritten by Liz Gogerly ; illustrated by Mike Gordon.
260 _aNew York :
_bCrabtree,
_c2008
300 _a32 pages :
_bcolor illustrations ;
_c22 cm
490 1 _aLooking after me
504 _aIncludes bibliographical references (p. 32) and index.
505 _aM
520 _aKarim and Kurt are two little boys who hate bathing and keeping clean. This changes when they visit the zoo and see how animals groom themselves. They decide to pay more attention to their personal hygiene--but they still enjoy getting dirty!
521 8 _a540
_bLexile
521 8 _aM
_bRaz-Plus
650 0 _aHygiene
_vJuvenile literature.
700 1 _aGordon, Mike,
_d1948 March 16-
_eillustrator
906 _a7
_bcbc
_corignew
_d1
_eecip
_f20
_gy-gencatlg
942 _2ddc
_cBK
_n0
999 _c4357
_d4357